|
|
|
|
| LEADER |
00000nam a22000007a 4500 |
| 005 |
20220509220840.0 |
| 007 |
cr|||| |||| |
| 008 |
220509s2021 es |||||s|||| 00||0 spa d |
| 020 |
|
|
|a 978-84-7351-731-7
|
| 035 |
|
|
|a 36247
|
| 040 |
|
|
|a vLex
|
| 090 |
|
|
|c 13295
|d 13295
|
| 100 |
1 |
|
|a Criado, J. Ignacio
|
| 245 |
1 |
0 |
|a Gobierno abierto, innovacin̤ pb︢lica y colaboracin̤ ciudadana
|h [Recurso electrn̤ico] /
|c J. Ignacio Criado
|
| 256 |
|
|
|a Servicio en ln̕ea
|
| 260 |
|
|
|a Madrid:
|b Instituto Nacional de Administracin̤ Pb︢lica (INAP),
|c 2021
|
| 300 |
|
|
|a 1 recurso electrn̤ico
|
| 506 |
1 |
|
|a Disponible solo en los productos indicados
|d vLex Global
|d vLex Global (Academic Edition, excluding Law Schools)
|d vLex Global (U.S. Academic Edition, Law Schools)
|d vLex Global (U.S. Academic Edition, excluding Law Schools)
|d vLex Global (Academic Edition, Law Schools)
|
| 650 |
0 |
4 |
|a Derecho Pb︢lico y Administrativo
|z Espaą
|
| 740 |
0 |
|
|a vLex Libros (Servicio en ln̕ea)
|
| 856 |
4 |
0 |
|u https://app.vlex.com/#/sources/36247
|z Acceso restringido
|
| 942 |
|
|
|c BOOK
|
| 999 |
0 |
|
|a Public and Administrative Law
|